000 00595cam a2200193 a 4500
999 _c8
_d8
008 820528s1983 njua b 001 0 eng
020 _a0136373550
040 _aDLC
082 0 0 _a621.381/735
_219
100 1 _aGayakwad, Ramakant A.
245 1 0 _aOp-amps and linear integrated circuit technology /
_cRamakant A. Gayakwad.
260 _aEnglewood Cliffs, N.J. :
_bPrentice-Hall,
_cc1983.
300 _axx, 507 p. :
_bill. ;
_c24 cm.
500 _aIncludes index.
504 _aBibliography: p. 499.
650 0 _aOperational amplifiers.
650 0 _aLinear integrated circuits.
942 _2ddc
_cBK